Lata w których Ligę Mistrzów wygrały angielskie kluby - Statystyki

Ogólne statystyki
  • Ten quiz został rozwiązany 44 razy
  • Średni wynik to 13 z 15
Statystyki odpowiedzi
Klub
Rok
% Poprawnych
Chelsea 2012
100%
Liverpool 2019
100%
Manchester City 2023
100%
Manchester United 2008
98%
Chelsea 2021
98%
Manchester United 1999
93%
Liverpool 2005
91%
Aston Villa 1982
81%
Liverpool 1977
79%
Liverpool 1978
79%
Nottingham Forest 1979
79%
Liverpool 1981
79%
Liverpool 1984
79%
Manchester United 1968
77%
Nottingham Forest 1980
77%
Nie znaleziono quizów pasujących do podanych kryteriów
Rozkład punktacji
Procent ludzi z każdym wynikiem
Percentyl według liczby udzielonych odpowiedzi
Twoja historia wyników
Nie rozwiązałeś tego quizu